LIBRARY & INFORMATION CENTRE, KCAET, TAVANUR

ONLINE PUBLIC ACCESS CATALOGUE (OPAC)

Effective use of display materials in school / (Record no. 10467)

MARC details
000 -LEADER
fixed length control field 00402cam a2200145ua 4500
041 ## - LANGUAGE CODE
Language code of text/sound track or separate title eng
082 ## - DEWEY DECIMAL CLASSIFICATION NUMBER
Classification number 371.355
Item number BHA/EF
100 ## - MAIN ENTRY--AUTHOR NAME
Personal name Bhala, Harbans Singh .
245 ## - TITLE STATEMENT
Title Effective use of display materials in school /
260 ## - PUBLICATION, DISTRIBUTION, ETC. (IMPRINT)
Place of publication :
Name of publisher Central Institute of Education ,
Year of publication 1963.
300 ## - PHYSICAL DESCRIPTION
Number of Pages 44 ; .
942 ## - ADDED ENTRY ELEMENTS (KOHA)
Koha item type Books
Holdings
Withdrawn status Lost status Damaged status Home library Current library Date acquired Full call number Accession Number Koha item type
Withdrawn     KAUAET Sanskrit University 07/04/2012 371.355 4735 Books
free website counter